LEADER 01089nam a2200265 i 4500 001 000000190730 003 CaOOAMICUS 005 20180205000000.0 008 180205s1995 it u000 u ita u 013 $a169177 020 $a88-211-6951-0 040 $aSeMil$bita 100 1 $aLodi, Enzo.$0(OLS)http://semarc/name/21422 245 13$aIl Credo niceno-costantinopolitano nella liturgia romana /$cEnzo Lodi. 260 $aGenova :$bMarietti,$c1995. 300 $a163 p. ;$c18 cm. 490 0 $aLe voci della preghiera ;$v7 650 4$aSimboli di fede - Simbolo Niceno-costantinopolitano.$0(OLS)http://semarc/subject/4446 830 3$aLe voci della preghiera ;$v7.$0(OLS)http://semarc/title/11860 850 $aSeMil 852 $aSeMil$W1$xVenegono$y1$m2D I 464$j141347$B141347$CSeMilBibl$Z2$F220960 $81 961 $aOmaggio: Altro 996 $6020$a88-211-6951-0$9(OLS)http://semarc/number/274273 996 $6245$aIl Credo niceno-costantinopolitano nella liturgia romana$9(OLS)http://semarc/title/409189 996 $6260$aGenova :$bMarietti$9(OLS)http://semarc/publisher/29997 LEADER 01032nam a2200265 i 4500 001 000000077563 003 CaOOAMICUS 005 20060707000000.0 008 060707s2001 it u000 u ita u 013 $a48735 020 $a88-394-0623-9 040 $aSeMil$bita 100 1 $aScarpat, Giuseppe <1920-2008>.$0(OLS)http://semarc/name/19 245 10$aParrhesia greca, parrhesia cristiana /$cGiuseppe Scarpat. 260 $aBrescia :$bPaideia,$c2001. 300 $a186 p. ;$c21 cm. 490 0 $aStudi biblici ;$v130 650 4$aParresia (vocabolo).$0(OLS)http://semarc/subject/15827 830 0$aStudi biblici ;$v130.$0(OLS)http://semarc/title/33 850 $aSeMil 852 $aSeMil$W1$xVenegono$y1$m2WA A 130$j245147$B43715$CSeMilBibl$Z2$F43122 $81 961 $aOmaggio: Paideia 996 $6020$a88-394-0623-9$9(OLS)http://semarc/number/59344 996 $6245$aParrhesia greca, parrhesia cristiana$9(OLS)http://semarc/title/125980 996 $6260$aBrescia :$bPaideia$9(OLS)http://semarc/publisher/29614